LEADER 01864nam0 22003611i 450 001 UON00102815 005 20231205102601.329 100 $a20020107d1972 |0itac50 ba 101 $afre 102 $aFR 105 $a|||| ||||| 200 1 $aAristophane$ftexte etabli par Victor Coulon 205 $aParis : Les Belles Lettres$b1972 210 $a4 v.$a20 cm 215 $a1.: Les Acharniens. Les chevaliers. Les nuées 410 1$1001UON00087189$12001 $aCollection des Universités de France 423 1$1001UON00372910$12001 $aˆLes ‰Guepes, La paix 423 1$1001UON00372911$12001 $aˆLes ‰oiseaux, Lysistrata 423 1$1001UON00372912$12001 $aˆLes ‰thesmophories, Les grenouilles 606 $aLetteratura greca$3UONC020864$2FI 620 $aFR$dParis$3UONL002984 700 0$aAristophanes$3UONV056467$0602827 702 1$aCOULON$bVictor$3UONV061679 712 $aLes Belles Lettres$3UONV245913$4650 790 0$aARISTOFANE$zAristophanes$3UONV056470 801 $aIT$bSOL$c20260313$gRICA 912 $aUON00102815 950 $aSIBA - SISTEMA BIBLIOTECARIO DI ATENEO E ARCHIVIO STORICO$dSI T 1 BL GR ARISTOPH 01 $eSI MC 23575 5 01 950 $aSIBA - SISTEMA BIBLIOTECARIO DI ATENEO E ARCHIVIO STORICO$dSI T 1 BL GR ARISTOPH 02 $eSI MC 23576 5 02 950 $aSIBA - SISTEMA BIBLIOTECARIO DI ATENEO E ARCHIVIO STORICO$dSI T 1 BL GR ARISTOPH 03 $eSI MC 23577 5 03 950 $aSIBA - SISTEMA BIBLIOTECARIO DI ATENEO E ARCHIVIO STORICO$dSI T 1 BL GR ARISTOPH 04 $eSI MC 23578 5 04 996 $aAristophane$94549612 997 $aUNIOR